000 01854cam a22002058i 4500
005 20260624104430.0
020 _a9781009278577
020 _a9781009278546
082 0 0 _aR 327.73 McC/A
_223/eng/20230503
100 1 _aMcCormick, James M.,
_eauthor.
_916895
245 1 0 _aAmerican Foreign Policy and Process /
_cby James M. McCormick, Iowa State University.
250 _aSeventh edition.
260 _a. - UK
_b: Cambridge University Press
_c, 2024
300 _axxi+712 pages
504 _aIncludes bibliographical references and index.
505 0 _aAmerica's Traditions in Foreign Policy -- America's Global Involvement and the Emergence of the Cold War -- After the Missile Crisis and the Vietnam War : Realism and Liberalism in Foreign Policy -- The Return and End of the Cold War : The Reagan and Bush Administrations -- Foreign Policy after the Cold War and 9/11 : The Clinton and Bush Administrations -- Changing Foreign Policy Directions : The Obama and Trump Administrations -- A Foreign Policy of Restoration? The Biden Administration -- The President and the Making of Foreign Policy -- Congressional Prerogatives and the Making of Foreign Policy -- The Diplomatic and Economic Bureaucracies : Duplication or Specialization? -- The Military and Intelligence Bureaucracies : Pervasive or Accountable? -- Political Parties, Bipartisanship, and Interest Groups -- The Media, Public Opinion, and the Foreign Policy Process -- American Foreign Policy Values and the Future.
520 _a"A comprehensive analysis of the values and beliefs that have shaped American foreign policy, exploring how they have evolved over time. The author provides comparison of the changing policy making approaches of administrations from Nixon through Biden in this new edition"--
650 0 _aPolitical culture
_zUnited States.
_916896
942 _2ddc
_cREF
999 _c760979
_d760979